Top 10 West Ham United Starting XI - Statistics

General Stats
  • This quiz has been taken 505 times
  • The average score is 28 of 79
Answer Stats
Team Player % Correct
2018-19, 2020-21, 2021-22 Łukasz Fabiański
97%
2015-16, 2018-19, 2020-21, 2021-22 Michail Antonio
94%
2020-21, 2021-22 Tomáš Souček
94%
2018-19, 2020-21, 2021-22 Declan Rice
89%
2020-21, 2021-22 Vladimír Coufal
89%
2015-16, 2020-21 Angelo Ogbonna
86%
2020-21, 2021-22 Jarrod Bowen
85%
2020-21, 2021-22 Pablo Fornals
84%
2015-16, 2020-21, 2021-22 Aaron Cresswell
80%
2021-22 Kurt Zouma
75%
2018-19 Marko Arnautović
74%
2021-22 Saïd Benrahma
74%
2008-09, 2015-16, 2018-19 Mark Noble
73%
2015-16 Dimitri Payet
69%
2015-16 Manuel Lanzini
68%
2015-16 Adrián
66%
2015-16 Winston Reid
62%
2020-21, 2021-22 Craig Dawson
61%
1998-99, 1999-00, 2001-02 Paolo Di Canio
59%
2018-19 Pablo Zabaleta
56%
2018-19 Arthur Masuaku
55%
2015-16 Cheikhou Kouyaté
53%
2018-19 Felipe Anderson
53%
2018-19 Issa Diop
51%
2005-06 Yossi Benayoun
48%
1997-98, 1998-99, 1999-00 Frank Lampard
44%
2008-09 Carlton Cole
43%
2001-02 Joe Cole
43%
2018-19 Robert Snodgrass
41%
2005-06 Anton Ferdinand
40%
1997-98, 1998-99, 1999-00 Rio Ferdinand
40%
2020-21 Jesse Lingard
37%
2018-19 Fabián Balbuena
35%
2008-09 James Collins
35%
1998-99, 1999-00 Shaka Hislop
34%
2015-16 Diafra Sakho
33%
2008-09 Robert Green
29%
2001-02 David James
28%
2005-06 Roy Carroll
26%
2001-02 Michael Carrick
25%
2001-02 Frédéric Kanouté
23%
2015-16 James Tomkins
22%
1999-00 Paulo Wanchope
22%
2008-09 Valon Behrami
21%
2008-09 Lucas Neill
20%
1998-99 Ian Wright
19%
2008-09 Scott Parker
18%
2001-02, 2005-06 Tomáš Řepka
18%
1997-98 John Hartson
17%
1998-99, 1999-00, 2001-02 Trevor Sinclair
17%
2005-06 Bobby Zamora
16%
2005-06 Marlon Harewood
16%
2008-09 Matthew Upson
16%
1997-98, 1998-99 Eyal Berkovic
15%
1997-98, 1998-99 Ian Pearce
14%
1997-98, 1998-99, 1999-00 Steve Lomas
14%
2005-06 Danny Gabbidon
13%
1999-00 Marc-Vivien Foé
13%
2005-06 Matthew Etherington
13%
2001-02 Christian Dailly
12%
1997-98 Craig Forrest
12%
1998-99 Neil Ruddock
12%
2008-09 Jack Collison
11%
2005-06 Nigel Reo-Coker
11%
2005-06 Paul Konchesky
11%
1997-98 Stan Lazaridis
11%
2001-02 Don Hutchison
10%
1999-00 Steve Potts
10%
2008-09 David Di Michele
9%
2008-09 Hérita Ilunga
9%
1999-00 Igor Štimac
8%
1999-00 John Moncur
8%
2001-02 Nigel Winterburn
8%
2001-02 Sébastien Schemmel
8%
2005-06 Hayden Mullins
7%
1998-99 Marc Keller
7%
1997-98 David Unsworth
5%
1997-98 Tim Breacker
5%
1997-98 Andy Impey
4%
No matching quizzes found
Score Distribution
Percent of People with Each Score
Percentile by Number Answered
Your Score History
You have not taken this quiz